000
00327nam a22001457a 4500
008
210312b ||||| |||| 00| 0 eng d
020
_a
9780803601390
041
_a
eng
080
_a
617
082
_a
617
100
_a
8
101
_a
ORT
245
_a
Fundamentals of Orthopedic Radiology
_c
Mckinnis,N.L
942
_2
udc
_c
BK
999
_c
56546
_d
56546